000
00297nam a22001337a 4500
008
260324b ||||| |||| 00| 0 eng d
020
_a
9789951053501
041
_a
Shqip
080
_a
821.112
100
_a
25
101
_a
Tregime
245
_a
Reëfenja
_c
Vëllezërit Grim
942
_2
udc
_c
BK
999
_c
60926
_d
60926